| 000 | 01037nam a22002657a 4500 | ||
|---|---|---|---|
| 005 | 20210325204140.0 | ||
| 008 | s2553 th tha d | ||
| 020 | _a9789744141255 | ||
| 041 | _atha | ||
| 050 | _aHG4521 ส826ก 2553 | ||
| 100 | 0 | _aสุพจน์ สกุลแก้ว | |
| 245 | 1 | 0 | _aการวิเคราะห์งบการลงทุน |
| 260 | 3 |
_aกรุงเทพฯ : _bเอ็กซเปอร์เน็ท, _c2553 |
|
| 300 |
_a593 หน้า : _b ตาราง ; _c 21 ซม. |
||
| 650 | 0 | 4 | _aกองทุนรวม |
| 650 | 0 | 4 | _aสิทธิอนุพันธ์ |
| 650 | 0 | 4 | _aตราสารหนี้ |
| 650 | 0 | 4 | _aตลาดหลักทรัพย์ |
| 650 | 0 | 4 | _aการลงทุน |
| 850 | _aNALT | ||
| 942 | _cGB | ||
| 997 | _a36299 ฉ.1 /36300 ฉ.2 | ||
| 997 | _c000000000060090 | ||
| 998 | _aนางสาวชัชฎา จูฑะรักษ์ | ||
| 999 |
_c60090 _d60090 |
||